No One Noticed - The Marias - Statistics

General Stats
  • This quiz has been taken 140 times
  • The average score is 213 of 265
Answer Stats
Hint Answer % Correct
I
99%
(I
99%
I)
99%
No
99%
on,
99%
on
99%
one
99%
a
96%
it
96%
you
96%
(Be
95%
be
95%
Be
95%
not
95%
noticed
95%
me)
94%
me,
94%
me
94%
my
92%
get
90%
if
90%
If
90%
leave
90%
mind
90%
Refrain Come
87%
Hold
87%
then
87%
To
87%
to
87%
without
87%
can't
86%
console
86%
don't
86%
face
86%
Lost
86%
lost
86%
May
86%
trace
86%
your
86%
I'll
84%
Chorus | Verse 1 Maybe
84%
(Maybe
84%
see
84%
and
83%
babe
83%
city
83%
easy,
83%
Fly
83%
plane
83%
that
83%
excited
81%
believe
79%
guess
77%
like
75%
kinda
71%
so
71%
but
70%
lonely)
70%
lonely
70%
I'm
69%
Chorus It's
68%
(It's
68%
bein'
65%
('Cause
65%
'Cause
65%
call
64%
tried
64%
you'd
64%
(I'd
62%
Chorus I'd
62%
have
61%
obsession)
61%
obsession
61%
video
60%
getting
58%
true
58%
All
57%
connection)
57%
connection
57%
need
57%
Wish
57%
alone
56%
virtual
56%
over
55%
read
55%
eyes
53%
weren't
53%
old
51%
right)
40%
(Make
36%
mine)
34%
(take
27%
(Take
27%
our
23%
time)
23%
No matching quizzes found
Score Distribution
Percent of People with Each Score
Percentile by Number Answered
Your Score History
You have not taken this quiz